Hạnh phúc ở nơi đâu

Na minha lista:
Detalhes bibliográficos
Formato: Livro
Idioma:Undetermined
Publicado em: H. Thanh Niên 1998
Assuntos:
Tags: Adicionar Tag
Sem tags, seja o primeiro a adicionar uma tag!
Thư viện lưu trữ: Trung tâm Học liệu Trường Đại học Cần Thơ
LEADER 00414nam a2200157Ia 4500
001 CTU_53230
008 210402s9999 xx 000 0 und d
020 |b 23000 
082 |a 895.922301 
082 |b H107 
245 0 |a Hạnh phúc ở nơi đâu 
260 |a H. 
260 |b Thanh Niên 
260 |c 1998 
650 |a short stories, vietnamese 
980 |a Trung tâm Học liệu Trường Đại học Cần Thơ